Gares du Jura - Statistiques

Statistiques générales
  • Ce quiz a été pris 113 fois
  • Le résultat moyen est 11 sur 21
Statistiques - réponses
Nombre de voyageurs Gares % Correct
1 012 445 Dole
93%
385 481 Lons le Saunier
91%
42 833 Saint Claude
91%
172 224 Mouchard
85%
31 549 Andelot
75%
51 687 Champagnole
72%
2 663 Champagnole Paul Emile Victor
69%
38 671 Morez
65%
79 029 Arbois
64%
76 149 Saint Amour
61%
110 532 Poligny
59%
8 419 Morbier
57%
23 100 Saint Laurent en Grandvaux
43%
3 532 La Chaux des Crotenay
32%
26 165 Domblans - Voiteur
31%
17 535 Cousance
29%
59 907 Orchamps
28%
1 261 Montbarrey
27%
1 344 La Chaumusse
23%
45 792 Ranchot
21%
3 502 Saint Lothain
17%
Aucun quiz correspondant
Distribution des résultats
% des personnes avec chaque résultat
Percentile par nombre de réponses
Votre historique - résultats
Vous n’avez pas pris ce quiz